Koľko vody tečie v slovenských riekach?

Vodný fond pritekajúci na územie Slovenska. Hraničné toky. Vodný fond prameniaci na území Slovenska. Vodný fond odtekajúci z územia Slovenska. Hodnotenie vodného režimu slovenských riek. Orientačné rozdelenie vodného toku.

Gespeichert in:
Bibliographische Detailangaben
1. Verfasser: Matulík, Jaroslav
Format: Buchkapitel
Sprache:Slowakisch
Schlagworte:
Tags: Tag hinzufügen
Keine Tags, Fügen Sie das erste Tag hinzu!

MARC

LEADER 00000naa a2200000 4500
001 r046985
005 20230925120122.4
041 0 |a slo 
044 |a SK 
245 1 0 |a Koľko vody tečie v slovenských riekach?  |c Jaroslav Matulík 
520 |a Vodný fond pritekajúci na územie Slovenska. Hraničné toky. Vodný fond prameniaci na území Slovenska. Vodný fond odtekajúci z územia Slovenska. Hodnotenie vodného režimu slovenských riek. Orientačné rozdelenie vodného toku. 
610 2 0 |a rieky 
610 2 0 |a toky vodné 
610 2 0 |a voda povrchová 
610 2 0 |a Slovensko 
100 1 |a Matulík, Jaroslav